On This Day: October 28th Quiz Stats

 Plays Quiz Updated Oct 28, 2017

Challenge
Share
Tweet
Embed
Score 0/7 Timer 03:00
0 Plays Today
Question Answer Wrong Answers
Italian fascists led by this man march on Rome and take over the Italian government.
1922
Benito Mussolini
91.3%
Francisco Franco
3.9%
Luis Carrero Blanco
0.9%
Augusto Pinochet
1.7%
This American businessman and philanthropist, the co-founder of Microsoft, is born.
1955
Bill Gates
88.6%
Steve Jobs
7.3%
Tim Cook
1.4%
Richard Branson
0.5%
Soviet Premier Nikita Khrushchev orders the removal of Soviet missiles from ______.
1962
Cuba
87.3%
Afghanistan
4.2%
Ukraine
4.1%
Kazakhstan
1.9%
A vote of the Great and General Court of the Massachusetts Bay Colony establishes this college, the first to be founded in territory that would become the United States.
1636
Harvard University
82.5%
Princeton University
5.3%
Yale University
8.3%
Columbia University
3.9%
In New York Harbor, President Grover Cleveland dedicates the ______.
1886
Statue of Liberty
80.2%
Brooklyn Bridge
15%
Washington Square Park
0.8%
New York Public Library
2.7%
This famous novel by Jonathan Swift is first published.
1726
Gulliver's Travels
79.7%
Robinson Crusoe
12.8%
Lord of the Flies
2.8%
Oliver Twist
4.2%
The US Congress passes this act despite President Woodrow Wilson’s veto, paving the way for Prohibition to begin the following January.
1919
Volstead Act
57.7%
Pure Food and Drug Act
17%
Rogers Act
8.1%
Johnson Act
15.3%

Today's Daily Dose

Missing Word
TV HA - HZ

Word Ladder
Nordic Capital

On This Day
January 19th II

You're not logged in!

Compare scores with friends on all Sporcle quizzes.
OR
Log In

You Might Also Like...

Show Comments

Extras

Top Quizzes Today


Score Distribution

Your Account Isn't Verified!

In order to create a playlist on Sporcle, you need to verify the email address you used during registration. Go to your Sporcle Settings to finish the process.

Report this User

Report this user for behavior that violates our Community Guidelines.

Details: